CBRE UK prime rent and yield monitor (Record no. 110619)

MARC details
000 -LEADER
fixed length control field 01381cad a22002295a 4500
001 - CONTROL NUMBER
control field L149764
008 - FIXED-LENGTH DATA ELEMENTS--GENERAL INFORMATION
fixed length control field 100421s2010 xxkd f s 000 0 eng d
035 ## - SYSTEM CONTROL NUMBER
System control number (Sirsi) u149764
041 0# - LANGUAGE CODE
Language code of text/sound track or separate title eng
050 04 - LIBRARY OF CONGRESS CALL NUMBER
Classification number 333.33 $2 18
110 2# - MAIN ENTRY--CORPORATE NAME
Corporate name or jurisdiction name as entry element CB Richard Ellis
9 (RLIN) 3675
245 00 - TITLE STATEMENT
Title CBRE UK prime rent and yield monitor
Remainder of title quarter 1 2010
Medium [electronic resource]
260 ## - PUBLICATION, DISTRIBUTION, ETC.
Place of publication, distribution, etc. London
Name of publisher, distributor, etc. CBRE
Date of publication, distribution, etc. 2010
490 #0 - SERIES STATEMENT
Series statement CB Richard Ellis UK Prime Rent and Yield Monitor
Volume/sequential designation First Quarter 2010
520 ## - SUMMARY, ETC.
Summary, etc. Prime rents rose by 0.6% in the first quarter 2010 after stabilising in the last quarter 2009. Central London offices' rents grew by 6% over Q1. However All Property prime rents fell over the year by 5% with the shops sector faring worst. Prime yields strengthened by 25 basis points (bp) in Q1, taking the All Property prime yield to 6.4%. UK commercial property investment in Q1 with only £4.7bn transacted, highlighting the shortage of good quality stock on the market. The property/gilt yield gap narrowed to 240 bp in Q1 2010 from a peak of 460bp in Q1 2009.
590 ## - LOCAL NOTE (RLIN)
Local note KA NTK
650 24 - SUBJECT ADDED ENTRY--TOPICAL TERM
Topical term or geographic name entry element CB RICHARD ELLIS UK PRIME RENT AND YIELD INDEX
651 #4 - SUBJECT ADDED ENTRY--GEOGRAPHIC NAME
Geographic name United Kingdom
Chronological subdivision
690 ## - LOCAL SUBJECT ADDED ENTRY--TOPICAL TERM (OCLC, RLIN)
Topical term or geographic name as entry element PROPERTY-COMMERCIAL PROPERTY-COMMERCIAL PROPERTY MARKET
856 40 - ELECTRONIC LOCATION AND ACCESS
Uniform Resource Identifier <a href="https://www.cbre.co.uk/uk_en/news_events/news_detail?p_id=4672">https://www.cbre.co.uk/uk_en/news_events/news_detail?p_id=4672</a>
Public note View the report free of charge at www.cbre.co.uk
942 ## - ADDED ENTRY ELEMENTS (KOHA)
Suppress in OPAC 0
Holdings
Withdrawn status Lost status Source of classification or shelving scheme Damaged status Not for loan Home library Current library Shelving location Date acquired Total Checkouts Full call number Barcode Date last seen Copy number Price effective from Koha item type
    Dewey Decimal Classification     Virtual Virtual Online 21/04/2010   ONLINE PUBLICATION 149764-2001 06/08/2019 1 06/08/2019 Book